000 00597nam a2200193 a 4500
005 20210219160512.0
008 081109s1982 mx r 000 0 spa d
020 _a9230020109
035 _aUPN01000166970
049 _aUNE
080 _aDO 341.16: 001 (093.2) 1980 ACT 21a.
111 2 _aUNESCO. Conferencia General
_n(21a. :
_d1980 :
_cBelgrado)
245 1 0 _aActas literales.
260 _aParís :
_bUNESCO,
_c1982.
300 _axxxv, 1471 p.
500 _aTexto en inglés, francés, árabe, ruso y español.
690 _aAcuerdos- Conferencia General de la UNESCO
905 _aUNESCO
999 _c139081
_d139081